Zavedení výroby creepových ocelí v martinských pecích typu Maerz-Boelens /

Uložené v:
Podrobná bibliografia
Hlavní autori: Ambrúz, Alois (Author), Tichý, Jiří (Author), Hrdina, Karel (Author)
Médium: Kniha
Jazyk:Czech
Vydané: Ostrava : Socialistická akademie, 1969.
Edícia:Práce výzkumného ústavu NHKG Ostrava
Fyzický popis: 26 strán.
Tagy: Pridať tag
Žiadne tagy, Buďte prvý kto otaguje tento záznam!

MARC

LEADER 00000nam a22000002i 4500
001 000747310
005 20260306134151.0
008 260306s1969 xr e 000 0 cze d
FMT
020 |c Kčs 6,00  |q (brožované) 
040 |a SVKKK  |b slo  |c SVKKK  |e rda 
041 0 |a cze 
044 |a xr  |c CZ 
100 1 |a Ambrúz, Alois  |4 aut 
245 1 0 |a Zavedení výroby creepových ocelí v martinských pecích typu Maerz-Boelens /  |c Alois Ambrúz, Jiří Tichý, Karel Hrdina. 
264 1 |a Ostrava :  |b Socialistická akademie,  |c 1969. 
300 |a 26 strán. 
336 |a text  |b txt  |2 rdacontent 
337 |a bez média  |b n  |2 rdamedia 
338 |a zväzok  |b nc  |2 rdacarrier 
490 1 |a Práce výzkumného ústavu NHKG Ostrava  |v řada A2 
500 |a Záznam revízie 
700 1 |a Tichý, Jiří  |4 aut 
700 1 |a Hrdina, Karel  |4 aut 
830 0 |a Práce výzkumného ústavu NHKG Ostrava 
910 |a svkkk 
998 |a BK 
OWN
Z30 1 |l SCK01  |l SCK01  |m BOOK  |1 SCKHL  |2 SK16  |b Sklad Pribinova 3. posch.  |3 V.87609  |6 494993  |q 19730306  |5 2721169583  |8 20260306  |e  0000  |f 20  |s Povinný výt.  |z 0.20  |t 00000000  |u 0000  |w 000747310  |x 000010 
090 |g SCKHL  |k Sklad Pribinova 3. posch.  |a V.87609  |j 494993  |i 2721169583  |s Povinný výt.